[Event "SLO-chT U20"]
[Site "Otocec"]
[Date "2006.08.28"]
[Round "8"]
[White "Radic, Snezana"]
[Black "Zupancic, Jernej"]
[Result "0-1"]
[WhiteElo "1520"]
[BlackElo "1574"]
[PlyCount "112"]
[EventDate "2006.08.19"]
[EventType "team"]
[EventRounds "9"]
[EventCountry "SLO"]
[SourceTitle "EXT 2007"]
[Source "ChessBase"]
[SourceDate "2006.11.23"]
[SourceVersion "1"]
[SourceVersionDate "2006.11.23"]
[SourceQuality "1"]

1. e4 c5 2. Nf3 d6 3. Bb5+ Bd7 4. Bxd7+ Qxd7 5. Nc3 g6 6. d3 Bg7 7. Bd2 e6 8. 0-0 Ne7 9. Be3 0-0 10. d4 cxd4 11. Bxd4 Nbc6 12. Bxg7 Kxg7 13. Nb5 Rfd8 14. Nbd4 Nxd4 15. Qxd4+ Kg8 16. Qf6 Nc6 17. Rfd1 Qe7 18. Qxe7 Nxe7 19. Rd3 Rac8 20. Rb3 Rc7 21. Rd1 d5 22. Rd2 Rdc8 23. c3 dxe4 24. Ng5 e3 25. fxe3 Nd5 26. Rd3 Nb6 27. Ne4 Nc4 28. Kf2 Kf8 29. Ke2 Ke7 30. h3 h6 31. Rb4 f5 32. Nf2 b6 33. g4 Kf6 34. gxf5 gxf5 35. e4 f4 36. Ng4+ Kg6 37. b3 h5 38. bxc4 hxg4 39. hxg4 Rxc4 40. Rxc4 Rxc4 41. Kf3 Kg5 42. a3 Ra4 43. Rd8 Rxa3 44. Rg8+ Kf6 45. Kxf4 e5+ 46. Kg3 Rxc3+ 47. Kf2 Ra3 48. Rf8+ Kg5 49. Rf5+ Kxg4 50. Rxe5 Kf4 51. Re7 Ra2+ 52. Ke1 a5 53. Re6 Rb2 54. e5 Kf5 55. Re8 Rb5 56. e6 Re5+ 0-1

[Event "SLO-chT U20"]
[Site "Otocec"]
[Date "2006.08.20"]
[Round "4"]
[White "Zitnik, Marjan"]
[Black "Radic, Snezana"]
[Result "1/2-1/2"]
[WhiteElo "1564"]
[BlackElo "1520"]
[PlyCount "94"]
[EventDate "2006.08.19"]
[EventType "team"]
[EventRounds "9"]
[EventCountry "SLO"]
[SourceTitle "EXT 2007"]
[Source "ChessBase"]
[SourceDate "2006.11.23"]
[SourceVersion "1"]
[SourceVersionDate "2006.11.23"]
[SourceQuality "1"]

1. d4 e6 2. Nf3 d5 3. Bf4 Nf6 4. e3 Bd6 5. Bxd6 Qxd6 6. a3 Nc6 7. c4 b6 8. Nc3 a6 9. Qa4 0-0 10. cxd5 exd5 11. h3 Bd7 12. Qc2 h6 13. Bd3 Rfe8 14. Rc1 b5 15. Bxb5 Ne7 16. Bxd7 Qxd7 17. Ne5 Qf5 18. Qxf5 Nxf5 19. Nd3 Nxd4 20. 0-0 Nb3 21. Rc2 d4 22. Nd1 dxe3 23. Nxe3 Re7 24. Nf5 Re6 25. Rxc7 Nd5 26. Rc2 Rae8 27. Nc5 Rc6 28. Rd1 Nf6 29. Rc3 Rxc5 30. Nxh6+ gxh6 31. Rxb3 Rb5 32. Rg3+ Kf8 33. b4 Rbe5 34. Kh2 Re2 35. Rf3 Kg7 36. Rd6 R8e6 37. Rd8 Rc6 38. Ra8 Ne4 39. Rf4 Nxf2 40. Ra7 Rf6 41. Rxf6 Kxf6 42. Rxa6+ Kg7 43. b5 Ne4 44. a4 Rb2 45. Ra8 Nc5 46. Ra5 Kg6 47. Kg3 Rb3+ 1/2-1/2

[Event "SLO-ch U14 Girls"]
[Site "Sentjur"]
[Date "2005.03.02"]
[Round "6"]
[White "Bilbija, Nina"]
[Black "Radic, Snezana"]
[Result "1/2-1/2"]
[WhiteElo "1753"]
[BlackElo "1500"]
[PlyCount "76"]
[EventDate "2005.02.26"]
[EventType "tourn"]
[EventRounds "9"]
[EventCountry "SLO"]
[SourceTitle "CBM 105 Extra"]
[Source "ChessBase"]
[SourceDate "2005.05.01"]
[SourceVersion "1"]
[SourceVersionDate "2005.05.01"]
[SourceQuality "1"]

1. f4 e6 2. Nf3 Nf6 3. e3 d5 4. Be2 Be7 5. 0-0 0-0 6. b3 Bd7 7. Bb2 c5 8. Qe1 Nc6 9. a3 Ne4 10. d3 Nd6 11. Qg3 Bf6 12. Ne5 Nf5 13. Qh3 d4 14. exd4 Ncxd4 15. Bd1 Bxe5 16. fxe5 Qh4 17. Qxh4 Nxh4 18. Bxd4 cxd4 19. Rf4 Ng6 20. Rxd4 Nxe5 21. Nd2 Rfd8 22. Nf3 Ng6 23. c4 Bc6 24. Be2 Bxf3 25. Rxd8+ Rxd8 26. gxf3 Nf4 27. Kf1 Kf8 28. Rd1 Ke7 29. Kf2 Nxe2 30. Kxe2 Rd6 31. b4 f5 32. b5 b6 33. a4 Rd4 34. Rd2 Rh4 35. Ke3 Kd6 36. Rg2 g6 37. Rf2 e5 38. Rg2 Kc5 1/2-1/2

[Event "SLO-ch U14 Girls"]
[Site "Sentjur"]
[Date "2005.03.01"]
[Round "5"]
[White "Radic, Snezana"]
[Black "Seruga, Vanja"]
[Result "1/2-1/2"]
[WhiteElo "1500"]
[BlackElo "1500"]
[PlyCount "146"]
[EventDate "2005.02.26"]
[EventType "tourn"]
[EventRounds "9"]
[EventCountry "SLO"]
[SourceTitle "CBM 105 Extra"]
[Source "ChessBase"]
[SourceDate "2005.05.01"]
[SourceVersion "1"]
[SourceVersionDate "2005.05.01"]
[SourceQuality "1"]

1. e4 e6 2. Nf3 d5 3. exd5 exd5 4. Qe2+ Be7 5. d4 Nf6 6. Qd3 Ne4 7. Be2 Nc6 8. c3 0-0 9. 0-0 Bf5 10. Qb5 Rb8 11. Bc4 Be6 12. Bd3 Bf5 13. Bxe4 dxe4 14. Nfd2 a6 15. Qb3 Be6 16. Qd1 Bf5 17. Qe2 Qd5 18. Re1 Bg5 19. Qc4 Qxc4 20. Nxc4 Bxc1 21. Rxc1 Rfe8 22. Ne3 Bg6 23. Nd2 f5 24. g3 Rbd8 25. Nb3 b6 26. a4 a5 27. Nd2 h5 28. h4 Kf7 29. b3 Kf6 30. Rd1 Bf7 31. c4 Nb4 32. d5 Rd7 33. Nb1 Red8 34. Nc3 Nd3 35. f3 Ke5 36. Ne2 Nc5 37. f4+ Kf6 38. Rab1 g6 39. Nd4 Re8 40. Nc6 Rd6 41. Ne5 Bg8 42. Kf2 Na6 43. Nc2 Nb8 44. Na3 Bf7 45. Nb5 Rdd8 46. Nxc7 Re7 47. Nb5 Ree8 48. Nxf7 Kxf7 49. Ke3 Kf6 50. Nd4 Na6 51. Nc6 Rd6 52. Na7 Nb4 53. Nb5 Rd7 54. Nd4 Red8 55. Nc6 Nxc6 56. dxc6 Rxd1 57. Rxd1 Rc8 58. Rd6+ Kf7 59. c7 Rxc7 60. Rxb6 Rd7 61. c5 Rd3+ 62. Kf2 Rc3 63. Rb5 Rc2+ 64. Ke1 Rc3 65. Rxa5 Rxb3 66. c6 Rxg3 67. Rc5 Re3+ 68. Kd2 Rd3+ 69. Ke2 Rd8 70. a5 Rc8 71. a6 Ke7 72. a7 Kd6 73. Rb5 Ra8 1/2-1/2

[Event "SLO-ch U14 Girls"]
[Site "Sentjur"]
[Date "2005.02.28"]
[Round "3"]
[White "Radic, Snezana"]
[Black "Vidrih, Jana"]
[Result "1/2-1/2"]
[WhiteElo "1500"]
[BlackElo "1523"]
[PlyCount "155"]
[EventDate "2005.02.26"]
[EventType "tourn"]
[EventRounds "9"]
[EventCountry "SLO"]
[SourceTitle "CBM 105 Extra"]
[Source "ChessBase"]
[SourceDate "2005.05.01"]
[SourceVersion "1"]
[SourceVersionDate "2005.05.01"]
[SourceQuality "1"]

1. e4 e6 2. Nf3 d5 3. exd5 exd5 4. Qe2+ Be7 5. Nc3 Nf6 6. d4 0-0 7. Qd1 Bg4 8. h4 Bh5 9. Be2 Re8 10. 0-0 Nc6 11. Bf4 Bd6 12. Bg5 Be7 13. Ne5 Bxe2 14. Nxe2 Nd7 15. Nxc6 bxc6 16. Bxe7 Qxe7 17. Re1 Qd6 18. c3 c5 19. dxc5 Nxc5 20. Nd4 c6 21. Rxe8+ Rxe8 22. b4 Ne4 23. Qa4 Rc8 24. Qxa7 Nxc3 25. Nf5 Qf6 26. Qd7 Rb8 27. Re1 h6 28. Ne7+ Kh7 29. a3 Ne4 30. Qf5+ Qxf5 31. Nxf5 Ra8 32. f3 Nd2 33. Ra1 Nc4 34. a4 Nb2 35. Ne7 Rxa4 36. Rxa4 Nxa4 37. Nxc6 Nb6 38. Kf2 Kg6 39. Ke3 Kf5 40. g4+ Ke6 41. Kd4 Kd6 42. Nd8 f6 43. Nb7+ Kc6 44. Nd8+ Kd6 45. Nb7+ Kc6 46. Nd8+ Kb5 47. Kc3 Nc4 48. Ne6 g6 49. Nf8 Ne5 50. f4 Nc6 51. Nxg6 Nxb4 52. Kd4 Kc6 53. Ne7+ Kd6 54. Nf5+ Kc6 55. Nxh6 Nc2+ 56. Kc3 Ne3 57. g5 fxg5 58. fxg5 Kc5 59. g6 d4+ 60. Kd3 Nd5 61. Ke4 Nf6+ 62. Ke5 Nh5 63. Kf5 d3 64. Ng4 d2 65. Nf2 Kd5 66. Kg4 Ng7 67. Kg5 Kd4 68. h5 Ke3 69. Nd1+ Ke2 70. Nb2 Ke3 71. h6 Ne6+ 72. Kf6 Nf8 73. h7 Nd7+ 74. Ke7 Ne5 75. h8Q Nxg6+ 76. Kf6 Nxh8 77. Nc4+ Kd3 78. Nxd2 1/2-1/2

[Event "SLO-chT (Women)"]
[Site "Bled"]
[Date "2004.11.27"]
[Round "7"]
[White "Radic, Snezana"]
[Black "Pulec, Lea"]
[Result "1/2-1/2"]
[WhiteElo "1500"]
[BlackElo "1567"]
[PlyCount "86"]
[EventDate "2004.11.19"]
[EventType "team"]
[EventRounds "9"]
[EventCountry "SLO"]
[SourceTitle "CBM 103 Extra"]
[Source "ChessBase"]
[SourceDate "2005.01.01"]
[SourceVersion "1"]
[SourceVersionDate "2005.01.01"]
[SourceQuality "1"]

1. e4 e5 2. Nf3 Nc6 3. Nc3 Nf6 4. Bc4 Be7 5. 0-0 0-0 6. d3 d6 7. h3 Na5 8. Bg5 Nxc4 9. dxc4 Be6 10. b3 Qd7 11. Bxf6 Bxf6 12. Nh2 Rfe8 13. Nd5 Bxd5 14. Qxd5 c6 15. Qd1 Rad8 16. Qg4 Re6 17. Rad1 Qe7 18. Rd3 Bg5 19. Qe2 Rg6 20. Rfd1 Qe6 21. Qg4 Qe8 22. Qe2 Bh6 23. c5 Qe7 24. Rxd6 Rdxd6 25. Rxd6 Rxd6 26. cxd6 Qxd6 27. Qd3 Qe7 28. a4 Bg5 29. Nf3 Bf6 30. Qe3 b6 31. Qd3 h6 32. Qa6 Qd7 33. Qd3 Qe7 34. Qc3 Qd6 35. Kf1 Qd1+ 36. Ne1 Qd6 37. Qd3 Qe7 38. c4 Qb4 39. Nc2 Qe7 40. Qd2 Bg5 41. Qc3 Qd6 42. Ke2 Be7 43. Qd3 Qe6 1/2-1/2

[Event "SLO-chT (Women)"]
[Site "Bled"]
[Date "2004.11.27"]
[Round "8"]
[White "Radic, Snezana"]
[Black "Spendal, Barbara"]
[Result "0-1"]
[WhiteElo "1500"]
[BlackElo "1688"]
[PlyCount "50"]
[EventDate "2004.11.19"]
[EventType "team"]
[EventRounds "9"]
[EventCountry "SLO"]
[SourceTitle "CBM 103 Extra"]
[Source "ChessBase"]
[SourceDate "2005.01.01"]
[SourceVersion "1"]
[SourceVersionDate "2005.01.01"]
[SourceQuality "1"]

1. e4 c5 2. Nf3 e6 3. d4 cxd4 4. Nxd4 a6 5. Bc4 b5 6. Bd3 Qb6 7. Be3 Bc5 8. c3 Nf6 9. 0-0 Qc7 10. Qf3 0-0 11. Qf4 e5 12. Qg3 Nh5 13. Qg5 exd4 14. cxd4 Bd6 15. Qxh5 Bf4 16. Bxf4 Qxf4 17. g3 Qc7 18. Nc3 Nc6 19. d5 Ne5 20. Qe2 d6 21. f3 Bh3 22. Rfc1 Qb6+ 23. Kh1 Nxd3 24. Qxd3 Qf2 25. Qe2 Bg2# 0-1

[Event "SLO-chT (Women)"]
[Site "Bled"]
[Date "2004.11.21"]
[Round "4"]
[White "Ahmatovic, Mirela"]
[Black "Radic, Snezana"]
[Result "1-0"]
[WhiteElo "1978"]
[BlackElo "1500"]
[PlyCount "59"]
[EventDate "2004.11.19"]
[EventType "team"]
[EventRounds "9"]
[EventCountry "SLO"]
[SourceTitle "CBM 103 Extra"]
[Source "ChessBase"]
[SourceDate "2005.01.01"]
[SourceVersion "1"]
[SourceVersionDate "2005.01.01"]
[SourceQuality "1"]

1. e4 e5 2. Nf3 Nc6 3. Bc4 h6 4. 0-0 Bc5 5. c3 d6 6. d4 exd4 7. cxd4 Bb6 8. h3 Nf6 9. Nc3 0-0 10. a3 a6 11. Re1 Re8 12. b4 Re7 13. Ba2 Qd7 14. Bb2 Ba7 15. Qd3 b5 16. Rad1 Bb6 17. Qc2 Qe8 18. Bb1 Bb7 19. Nd5 Nxd5 20. exd5 g6 21. dxc6 Rxe1+ 22. Rxe1 Qxc6 23. Qd2 Kh7 24. Bc1 Rh8 25. d5 Qd7 26. Qxh6+ Kg8 27. Qf4 Bxd5 28. Bb2 Rh7 29. Ng5 Rh5 30. Qf6 1-0